Sports and the Law : (Record no. 619870)

MARC details
000 -LEADER
fixed length control field 00487nam a2200193 a 4500
008 - FIXED-LENGTH DATA ELEMENTS--GENERAL INFORMATION
fixed length control field 260424s1996##################000#0#eng##
020 ## - INTERNATIONAL STANDARD BOOK NUMBER
ISBN 9780815302209
082 04 - DEWEY DECIMAL CLASSIFICATION NUMBER
Classification number 344.73099QUI
100 1# - MAIN ENTRY--AUTHOR NAME
Personal name Quirk, Charles E.,
245 10 - TITLE STATEMENT
Title Sports and the Law :
260 ## - PUBLICATION, DISTRIBUTION, ETC. (IMPRINT)
Name of publisher Taylor & Francis,
Year of publication 1996.
300 ## - PHYSICAL DESCRIPTION
Number of Pages 340 pages
650 #0 - SUBJECT ADDED ENTRY--TOPICAL TERM
Topical Term Law.
942 ## - ADDED ENTRY ELEMENTS (KOHA)
Koha item type English Books
Holdings
Withdrawn status Lost status Damaged status Not for loan Home library Current library Date acquired Full call number Accession Number Price effective from Koha item type
        Anna Centenary Library Anna Centenary Library 24.04.2026 344.73099QUI 171915 24.04.2026 English Books

Find us on the map